000 00609nam a2200193Ia 4500
008 151119s9999||||xx |||||||||||||| ||und||
082 _a780
082 _bGKKV9593
100 _aनाईक दीपकळी
245 _aजेव्हा सूर बोलू लागतात
260 _a--
260 _b--
260 _c0
600 _aनाईक दीपकळी
630 _aजेव्हा सूर बोलू लागतात
700 _aनाईक दीपकळी
730 _aजेव्हा सूर बोलू लागतात
942 _cBOOK
999 _c1063879
_d1063876